000 00888nam a22002177a 4500
999 _c5219
_d5219
003 AR-CdUCM
008 190312b ||||| |||| 00| 0 spa d
040 _aMUNICIPALIDAD PROVINCIAL DEL CUSCO
_cBIBLIOTECA MUNICIPAL DEL CUSCO
082 _a918.5 /
_bC 1
110 _aCongreso Nacional de Geografía.
_915824
245 _aAnales Primer Congreso Nacional de Geografía :
_bOtuzco, La Libertad, 1961 /
260 _aLima :
_bAsociación Nacional de Geógrafos Peruanos,
_c1962.
300 _a191 páginas ;
_bilustraciones, mapas,
_c25 cm.
505 _aContenido: Recomendaciones, acuerdos, resoluciones -- Geografía de los recursos naturales -- El mar del Perú es una región geográfica .
650 _aGeografía
_9318
650 _aPerú
_935
650 _aCongresos
_92448
710 _aAsociación Nacional de Geógrafos Peruanos
_915825
942 _2ddc
_cLIBROS
945 _aachl